| 000 | 01105nam a2200277 i 4500 | ||
|---|---|---|---|
| 003 | EG-GICUC | ||
| 005 | 20260121101331.0 | ||
| 008 | 251122s1872 fred|||fr|||| 00| 0 fre d | ||
| 040 |
_aEG-GiCUC _bfre _cEG-GiCUC _dEG-GiCUC _eRda |
||
| 041 | 0 | _afre | |
| 082 | 0 | 4 |
_221 _a338 _bPO |
| 092 | 0 | 4 | _221 |
| 099 | _aLaw1 13 338 PO 1972 | ||
| 245 | 0 | 0 |
_aPolitique commerciale et relations économiques internationales perspectives / _cPar Organisation de cooperation et de developpement economiques. |
| 264 | 1 |
_aParis : _bOrganisation de cooperation et de developpement economiques, _c1972. |
|
| 300 |
_a180 page : _bTableaux; _c 24 cm. |
||
| 336 |
_2rda contenu _a texte |
||
| 337 |
_2rda medias _aOrdinateur |
||
| 338 |
_2 transporteur rda _a Ressource en ligne |
||
| 500 | _aRapport du groupe de haut niveau et les problèmes connexes sur les problèmes commerciaux au secrétaire général de p'ocde. | ||
| 546 | _aTexte en français | ||
| 650 | 1 | 4 | _aFinances publiques et législation fiscale |
| 856 | 4 | 0 | _uhttps://fll.law.cu.edu.eg/fulltext/bks/B13-07314.pdf |
| 905 | _a77 | ||
| 942 |
_2ddc _cBK _e21 _n0 |
||
| 999 |
_c45311 _d45311 |
||